Statistics for 1937 College Football AP Poll

Click here to take the quiz!

General Stats

  • This quiz has been taken 17 times
  • The average score is 94 of 142

Answer Stats

WeekRankAnswerWLTConference% Correct
Week 2 (10/25)3Alabama50SEC
100%
Week 3 (11/1)2Alabama60SEC
100%
Week 5 (11/15)3Alabama80SEC
100%
Week 7 (11/29)4Alabama90SEC
100%
Week 6 (11/22)4Alabama80SEC
100%
Week 1 (10/18)2Alabama40SEC
100%
Week 4 (11/8)3Alabama70SEC
100%
Week 4 (11/8)18Notre Dame321Independent
100%
Week 5 (11/15)12Notre Dame421Independent
100%
Week 6 (11/22)9Notre Dame521Independent
100%
Week 3 (11/1)12Notre Dame311Independent
100%
Week 7 (11/29)9Notre Dame621Independent
100%
Week 1 (10/18)20Auburn202SEC
92%
Week 4 (11/8)14Auburn412SEC
92%
Week 2 (10/25)12Auburn302SEC
92%
Week 4 (11/8)2California701Pacific Coast
92%
Week 2 (10/25)1California60Pacific Coast
92%
Week 1 (10/18)1California50Pacific Coast
92%
Week 3 (11/1)1California70Pacific Coast
92%
Week 5 (11/15)2California801Pacific Coast
92%
Week 6 (11/22)2California901Pacific Coast
92%
Week 7 (11/29)2California901Pacific Coast
92%
Week 3 (11/1)8Ohio State41Big Ten
92%
Week 5 (11/15)19Ohio State52Big Ten
92%
Week 1 (10/18)12Ohio State21Big Ten
92%
Week 7 (11/29)13Ohio State62Big Ten
92%
Week 2 (10/25)8Ohio State31Big Ten
92%
Week 1 (10/18)11USC31PCC
92%
Week 6 (11/22)13Washington522Pacific Coast
92%
Week 2 (10/25)20Arkansas311Southwest
83%
Week 7 (11/29)14Arkansas622Southwest
83%
Week 4 (11/8)20Arkansas421Southwest
83%
Week 3 (11/1)16Arkansas411Southwest
83%
Week 3 (11/1)11Duke501SoCon
83%
Week 4 (11/8)8Duke601SoCon
83%
Week 6 (11/22)18Duke711SoCon
83%
Week 7 (11/29)20Duke721SoCon
83%
Week 1 (10/18)10Duke301SoCon
83%
Week 2 (10/25)13Duke401SoCon
83%
Week 5 (11/15)8LSU71SEC
83%
Week 7 (11/29)8LSU91SEC
83%
Week 1 (10/18)6LSU40SEC
83%
Week 6 (11/22)10LSU81SEC
83%
Week 2 (10/25)17LSU41SEC
83%
Week 4 (11/8)12LSU61SEC
83%
Week 3 (11/1)18LSU51SEC
83%
Week 3 (11/1)14Minnesota32Big Ten
83%
Week 1 (10/18)4Minnesota31Big Ten
83%
Week 7 (11/29)5Minnesota62Big Ten
83%
Week 6 (11/22)5Minnesota62Big Ten
83%
Week 5 (11/15)7Minnesota52Big Ten
83%
Week 2 (10/25)4Minnesota31Big Ten
83%
Week 4 (11/8)10Minnesota42Big Ten
83%
Week 7 (11/29)11Nebraska612Big Six
83%
Week 5 (11/15)11Nebraska412Big Six
83%
Week 3 (11/1)6Nebraska401Big Six
83%
Week 6 (11/22)11Nebraska512Big Six
83%
Week 1 (10/18)8Nebraska201Big Six
83%
Week 2 (10/25)11Nebraska301Big Six
83%
Week 4 (11/8)11Nebraska402Big Six
83%
Week 5 (11/15)17North Carolina611SoCon
83%
Week 2 (10/25)15North Carolina401SoCon
83%
Week 6 (11/22)18North Carolina611SoCon
83%
Week 7 (11/29)19North Carolina711SoCon
83%
Week 5 (11/15)13Stanford421Pacific Coast
83%
Week 3 (11/1)15Tennessee411SEC
83%
Week 6 (11/22)14Yale611Independent
83%
Week 1 (10/18)5Yale30Independent
83%
Week 4 (11/8)6Yale501Independent
83%
Week 7 (11/29)12Yale611Independent
83%
Week 3 (11/1)7Yale401Independent
83%
Week 5 (11/15)5Yale601Independent
83%
Week 2 (10/25)5Yale40Independent
83%
Week 1 (10/18)15Baylor40Southwest
75%
Week 3 (11/1)4Baylor60Southwest
75%
Week 2 (10/25)6Baylor50Southwest
75%
Week 4 (11/8)13Baylor61Southwest
75%
Week 4 (11/8)17Indiana42Big Ten
75%
Week 5 (11/15)20Indiana52Big Ten
75%
Week 1 (10/18)13Texas A&M201Southwest
75%
Week 1 (10/18)16Wisconsin40Big Ten
75%
Week 5 (11/15)16Colorado70Rocky Mountain
58%
Week 6 (11/22)16Colorado80Rocky Mountain
58%
Week 7 (11/29)17Colorado80Rocky Mountain
58%
Week 4 (11/8)16Colorado60Rocky Mountain
58%
Week 1 (10/18)7Northwestern30Big Ten
58%
Week 3 (11/1)19Northwestern41Big Ten
58%
Week 6 (11/22)1Pittsburgh801Independent
58%
Week 4 (11/8)1Pittsburgh601Independent
58%
Week 7 (11/29)1Pittsburgh901Independent
58%
Week 2 (10/25)2Pittsburgh401Independent
58%
Week 1 (10/18)3Pittsburgh301Independent
58%
Week 5 (11/15)1Pittsburgh701Independent
58%
Week 3 (11/1)3Pittsburgh501Independent
58%
Week 1 (10/18)17Syracuse30Independent
58%
Week 6 (11/22)14TCU342Southwest
58%
Week 7 (11/29)16TCU442Southwest
58%
Week 6 (11/22)6Dartmouth702Independent
50%
Week 7 (11/29)7Dartmouth702Independent
50%
Week 2 (10/25)9Dartmouth50Independent
50%
Week 5 (11/15)9Dartmouth602Independent
50%
Week 3 (11/1)9Dartmouth501Independent
50%
Week 1 (10/18)18Dartmouth40Independent
50%
Week 4 (11/8)5Dartmouth601Independent
50%
Week 5 (11/15)15Rice322Southwest
50%
Week 7 (11/29)18Rice432Southwest
50%
Week 4 (11/8)15Rice321Southwest
50%
Week 3 (11/1)19Tulane411SEC
50%
Week 5 (11/15)18Vanderbilt71SEC
50%
Week 6 (11/22)12Vanderbilt71SEC
50%
Week 1 (10/18)20Vanderbilt40SEC
50%
Week 2 (10/25)7Vanderbilt50SEC
50%
Week 5 (11/15)4Fordham501Independent
42%
Week 3 (11/1)5Fordham401Independent
42%
Week 1 (10/18)9Fordham201Independent
42%
Week 6 (11/22)3Fordham601Independent
42%
Week 2 (10/25)10Fordham301Independent
42%
Week 7 (11/29)3Fordham701Independent
42%
Week 4 (11/8)4Fordham501Independent
42%
Week 6 (11/22)20Tulsa611Missouri Valley
42%
Week 1 (10/18)19Cornell31Independent
33%
Week 1 (10/18)20Holy Cross40Independent
25%
Week 6 (11/22)17Holy Cross702Independent
25%
Week 4 (11/8)19Holy Cross601Independent
25%
Week 5 (11/15)14Holy Cross701Independent
25%
Week 7 (11/29)14Holy Cross802Independent
25%
Week 2 (10/25)18Holy Cross50Independent
25%
Week 3 (11/1)16Duquesne41Independent
17%
Week 6 (11/22)8Santa Clara70Independent
17%
Week 1 (10/18)14Santa Clara30Independent
17%
Week 3 (11/1)10Santa Clara50Independent
17%
Week 7 (11/29)9Santa Clara80Independent
17%
Week 5 (11/15)6Santa Clara70Independent
17%
Week 4 (11/8)7Santa Clara60Independent
17%
Week 2 (10/25)14Santa Clara40Independent
17%
Week 2 (10/25)18Detroit50Independent
8%
Week 3 (11/1)13Villanova401Independent
8%
Week 6 (11/22)7Villanova701Independent
8%
Week 7 (11/29)6Villanova801Independent
8%
Week 5 (11/15)10Villanova601Independent
8%
Week 4 (11/8)9Villanova501Independent
8%
Week 2 (10/25)16Villanova301Independent
8%

Score Distribution

Percentile by Number Answered

Percent of People with Each Score

Your Score History

You have not taken this quiz